[Event "TUR-ch U13-U18"]
[Site "Antalya"]
[Date "2020.01.19"]
[Round "1"]
[White "Onur, Cem"]
[Black "Kirilmaz, Emre"]
[Result "0-1"]
[WhiteElo "1696"]
[BlackElo "2068"]
[PlyCount "56"]
[EventDate "2020.01.19"]
[EventType "swiss"]
[EventRounds "11"]
[EventCountry "TUR"]
[SourceTitle "CBM 195 Extra"]
[Source "ChessBase"]
[SourceDate "2020.05.31"]
[SourceVersion "1"]
[SourceVersionDate "2020.05.31"]
[SourceQuality "1"]

1. e4 Nf6 2. e5 Nd5 3. c4 Nb6 4. c5 Nd5 5. d4 d6 6. cxd6 cxd6 7. Nf3 Nc6 8. Bc4 Nb6 9. Bb3 dxe5 10. Nxe5 Nxe5 11. dxe5 Qxd1+ 12. Kxd1 Bf5 13. Be3 0-0-0+ 14. Nd2 e6 15. a3 Kb8 16. Ke2 Bd3+ 17. Kf3 Nd7 18. Bf4 g5 19. Bg3 h5 20. h3 Bh6 21. Ke3 Nc5 22. Rac1 b6 23. Rhd1 g4+ 24. Bf4 Bxf4+ 25. Kxf4 Be2 26. Ke3 Bxd1 27. Bxd1 Rd3+ 28. Ke2 Rhd8 0-1

[Event "TUR Cup"]
[Site "Antalya"]
[Date "2019.01.30"]
[Round "5"]
[White "Onur, Cem"]
[Black "Coban, Hasan"]
[Result "0-1"]
[WhiteElo "1885"]
[BlackElo "1394"]
[PlyCount "62"]
[EventDate "2019.01.27"]
[EventType "swiss"]
[EventRounds "11"]
[EventCountry "TUR"]
[SourceTitle "CBM 188 Extra"]
[Source "ChessBase"]
[SourceDate "2019.02.26"]
[SourceVersion "1"]
[SourceVersionDate "2019.02.26"]
[SourceQuality "1"]

1. e4 e5 2. Bc4 Nf6 3. d3 Bc5 4. Nf3 d6 5. c3 Bg4 6. Qb3 0-0 7. Qxb7 Nbd7 8. b4 Bb6 9. Nbd2 a5 10. bxa5 Nc5 11. Qxa8 Qxa8 12. axb6 cxb6 13. 0-0 Na4 14. Ba3 Nc5 15. Bb4 Re8 16. a4 d5 17. exd5 Nxd5 18. a5 Nxb4 19. cxb4 Nd7 20. axb6 Qb8 21. Ng5 Bh5 22. Ra2 h6 23. Nge4 Nxb6 24. b5 Kh7 25. Rfa1 f5 26. Ng3 Bg6 27. Ra7 e4 28. dxe4 Nxc4 29. Nxc4 f4 30. Nf5 Bxf5 31. exf5 Qxa7 0-1

[Event "TUR Cup										"]
[Site "Antalya"]
[Date "2018.01.28"]
[Round "3"]
[White "Bolukdemir, Mert"]
[Black "Onur, Cem"]
[Result "0-1"]
[WhiteElo "1589"]
[BlackElo "1792"]
[PlyCount "84"]
[EventDate "2018.01.27"]
[EventType "swiss"]
[EventRounds "11"]
[EventCountry "TUR"]
[SourceTitle "CBM 182 Extra"]
[Source "ChessBase"]
[SourceDate "2018.02.23"]
[SourceVersion "1"]
[SourceVersionDate "2018.02.23"]
[SourceQuality "1"]

1. Nf3 c5 2. g3 Nc6 3. Bg2 g6 4. d4 cxd4 5. Nxd4 Bg7 6. c3 Qb6 7. Nxc6 bxc6 8. 0-0 Nf6 9. Nd2 Ba6 10. Nf3 d6 11. Nd4 Rc8 12. Qb3 c5 13. Qa4+ Nd7 14. Bh3 e6 15. Nb3 Bxe2 16. Re1 Bb5 17. Qh4 0-0 18. Bg5 Ne5 19. Bg2 Bc6 20. Nd2 Bxg2 21. Kxg2 Qb7+ 22. f3 Qxb2 23. Kh3 d5 24. Bh6 Qxc3 25. Rac1 Qa3 26. Bxg7 Kxg7 27. Nb1 Qb2 28. Rf1 Nd3 29. Rc3 Nf2+ 30. Rxf2 Qxf2 31. Rb3 Qf1+ 32. Kg4 h5+ 33. Kf4 Qc1+ 34. Ke5 Qe1+ 35. Kd6 Rfd8+ 36. Ke7 Qe5 37. Qf4 Qxf4 38. gxf4 c4 39. Rc3 d4 40. Rc1 Rd5 41. f5 exf5 42. Na3 Rcd8 0-1

[Event "TUR Cup										"]
[Site "Antalya"]
[Date "2018.01.27"]
[Round "1"]
[White "Dogan, Oguzhan"]
[Black "Onur, Cem"]
[Result "0-1"]
[WhiteElo "1009"]
[BlackElo "1792"]
[PlyCount "55"]
[EventDate "2018.01.27"]
[EventType "swiss"]
[EventRounds "11"]
[EventCountry "TUR"]
[SourceTitle "CBM 182 Extra"]
[Source "ChessBase"]
[SourceDate "2018.02.23"]
[SourceVersion "1"]
[SourceVersionDate "2018.02.23"]
[SourceQuality "1"]

1. e4 c5 2. Nc3 Nc6 3. Nf3 e6 4. d4 cxd4 5. Nxd4 a6 6. Nxc6 bxc6 7. g3 d5 8. Bg2 Nf6 9. 0-0 Be7 10. Bf4 0-0 11. Re1 Bb7 12. Na4 Nxe4 13. Bxe4 dxe4 14. Qxd8 Rfxd8 15. Rxe4 c5 16. Re3 Rd4 17. b3 Rad8 18. Re2 Bf6 19. Rc1 Bf3 20. Ree1 c4 21. c3 Rd3 22. bxc4 Bc6 23. Nc5 Rxc3 24. Rxc3 Bxc3 25. Rc1 a5 26. h4 Bf6 27. Rc2 Rd1+ 28. Kh2 0-1

[Event "TUR Cup"]
[Site "Antalya"]
[Date "2017.02.04"]
[Round "11"]
[White "Uzuner, Tufan Can"]
[Black "Onur, Cem"]
[Result "0-1"]
[WhiteElo "2069"]
[BlackElo "1814"]
[PlyCount "62"]
[EventDate "2017.01.28"]
[EventType "swiss"]
[EventRounds "11"]
[EventCountry "TUR"]
[SourceTitle "EXT 2018"]
[Source "ChessBase"]
[SourceDate "2017.10.13"]
[SourceVersion "1"]
[SourceVersionDate "2017.10.13"]
[SourceQuality "1"]

1. Nf3 c5 2. g3 Nc6 3. Bg2 g6 4. 0-0 Bg7 5. c4 Rb8 6. Nc3 a6 7. d3 b5 8. Bf4 d6 9. cxb5 axb5 10. a4 b4 11. Nb5 Ba6 12. Qb3 Nh6 13. d4 Na5 14. Qd1 c4 15. Qe1 Bxb5 16. axb5 Rxb5 17. Ra4 Qb6 18. Bd2 0-0 19. Rxb4 Rxb4 20. Bxb4 Nc6 21. Bd2 Nxd4 22. Nxd4 Qxd4 23. Qc1 Ng4 24. h3 Nf6 25. Be3 Qe5 26. Qxc4 Qxb2 27. Bd4 Qd2 28. Ra1 Nd7 29. Be3 Qb2 30. Ra7 Ne5 31. Qa6 e6 0-1

[Event "Budapest FS06 FM-B"]
[Site "Budapest"]
[Date "2015.06.16"]
[Round "11"]
[White "Onur, Cem"]
[Black "Szurkos, Andras"]
[Result "0-1"]
[WhiteElo "1670"]
[BlackElo "1787"]
[PlyCount "78"]
[EventDate "2015.06.06"]
[EventType "tourn"]
[EventRounds "11"]
[EventCountry "HUN"]
[SourceTitle "CBM 166 Extra"]
[Source "ChessBase"]
[SourceDate "2015.06.18"]
[SourceVersion "1"]
[SourceVersionDate "2015.06.18"]
[SourceQuality "1"]

1. c4 e5 2. Nc3 Nc6 3. g3 Nf6 4. Bg2 Bb4 5. Nd5 Bc5 6. a3 a5 7. e3 0-0 8. Ne2 Re8 9. d3 d6 10. 0-0 Bg4 11. Qc2 Nxd5 12. cxd5 Ne7 13. Nc3 Qc8 14. Na4 Ba7 15. Bd2 c5 16. Bxa5 Bh3 17. e4 Bxg2 18. Kxg2 b5 19. Nc3 Qa6 20. b4 f5 21. Qd2 c4 22. f4 Bd4 23. Rae1 Rac8 24. Ne2 c3 25. Qc2 Qa7 26. Nxd4 Qxd4 27. fxe5 dxe5 28. Rd1 Rf8 29. a4 bxa4 30. b5 g5 31. b6 Nxd5 32. Qa2 c2 33. Rc1 fxe4 34. b7 Rb8 35. Bc3 Qxd3 36. Rxf8+ Rxf8 37. b8Q Rxb8 38. Rxc2 Qxc2+ 39. Qxc2 Ne3+ 0-1

[Event "Budapest FS06 FM-B"]
[Site "Budapest"]
[Date "2015.06.11"]
[Round "6"]
[White "Onur, Cem"]
[Black "Gruz, Janos"]
[Result "1-0"]
[WhiteElo "1670"]
[BlackElo "1753"]
[PlyCount "24"]
[EventDate "2015.06.06"]
[EventType "tourn"]
[EventRounds "11"]
[EventCountry "HUN"]
[SourceTitle "CBM 166 Extra"]
[Source "ChessBase"]
[SourceDate "2015.06.18"]
[SourceVersion "1"]
[SourceVersionDate "2015.06.18"]
[SourceQuality "1"]

1. c4 c5 2. Nf3 Nf6 3. d4 cxd4 4. Nxd4 Nc6 5. Nc3 d6 6. e4 a6 7. Be2 Bd7 8. Nc2 g6 9. 0-0 Bg7 10. Ne3 0-0 11. Ned5 Rc8 12. Be3 Ne8 1-0

[Event "Manavgat Turkey Cup"]
[Site "Manavgat"]
[Date "2015.02.05"]
[Round "8"]
[White "Onur, Cem"]
[Black "Yilmaz, Ibrahim"]
[Result "1-0"]
[WhiteElo "1738"]
[BlackElo "1599"]
[PlyCount "55"]
[EventDate "2015.01.31"]
[EventType "swiss"]
[EventRounds "11"]
[EventCountry "TUR"]
[SourceTitle "CBM 164 Extra"]
[Source "ChessBase"]
[SourceDate "2015.03.02"]
[SourceVersion "1"]
[SourceVersionDate "2015.03.02"]
[SourceQuality "1"]

1. c4 e5 2. Nc3 Nf6 3. g3 Be7 4. Bg2 0-0 5. e3 Re8 6. Nge2 c6 7. d4 exd4 8. Qxd4 Na6 9. 0-0 Nb4 10. Qd2 Na6 11. Rd1 Nc5 12. b4 Ne6 13. a3 a5 14. b5 Nc5 15. Qc2 Qc7 16. e4 a4 17. Nd4 Bf8 18. Bf4 Qa5 19. e5 Nh5 20. Ne4 Nxf4 21. gxf4 Ne6 22. Nxe6 Rxe6 23. Ng5 Rh6 24. Qf5 f6 25. exf6 gxf6 26. Ne4 d5 27. Nxf6+ Kf7 28. Nd7+ 1-0

[Event "Manavgat Turkey Cup"]
[Site "Manavgat"]
[Date "2015.02.01"]
[Round "3"]
[White "Okus, Melih"]
[Black "Onur, Cem"]
[Result "1-0"]
[WhiteElo "2014"]
[BlackElo "1738"]
[PlyCount "31"]
[EventDate "2015.01.31"]
[EventType "swiss"]
[EventRounds "11"]
[EventCountry "TUR"]
[SourceTitle "CBM 164 Extra"]
[Source "ChessBase"]
[SourceDate "2015.03.02"]
[SourceVersion "1"]
[SourceVersionDate "2015.03.02"]
[SourceQuality "1"]

1. e4 c5 2. b4 d6 3. Nf3 Nc6 4. b5 Nd4 5. Nxd4 cxd4 6. Bb2 Nf6 7. Bc4 Nxe4 8. Bxf7+ Kxf7 9. Qh5+ Ke6 10. Qg4+ Kd5 11. Qf3 e5 12. d3 Qh4 13. Qf7+ Kc5 14. Qc7+ Kxb5 15. a4+ Ka6 16. Qc4+ 1-0

[Event "Budapest FS10 FM-B"]
[Site "Budapest"]
[Date "2014.10.07"]
[Round "4"]
[White "Szlenka, Attila"]
[Black "Onur, Cem"]
[Result "1-0"]
[WhiteElo "1782"]
[BlackElo "1690"]
[PlyCount "67"]
[EventDate "2014.10.04"]
[EventType "tourn"]
[EventRounds "9"]
[EventCountry "HUN"]
[SourceTitle "CBM 162 Extra"]
[Source "ChessBase"]
[SourceDate "2014.10.17"]
[SourceVersion "1"]
[SourceVersionDate "2014.10.17"]
[SourceQuality "1"]

1. Nf3 c5 2. c4 g6 3. Nc3 Bg7 4. g3 Nc6 5. Bg2 d6 6. 0-0 Nh6 7. d3 Nf5 8. e3 e6 9. a3 Rb8 10. Rb1 h5 11. Bd2 h4 12. Re1 hxg3 13. hxg3 Bd7 14. Ne4 Qe7 15. Bc3 Bxc3 16. Nxc3 Ne5 17. Nxe5 dxe5 18. b4 Bc6 19. Ne4 cxb4 20. axb4 a6 21. Qc2 Nd6 22. d4 Nxe4 23. Bxe4 Qc7 24. d5 Bxd5 25. cxd5 Qxc2 26. Bxc2 exd5 27. Red1 Rd8 28. Bb3 d4 29. exd4 exd4 30. Re1+ Kf8 31. Rbc1 d3 32. Rc7 Rh7 33. Rxb7 d2 34. Rd1 1-0

[Event "Budapest FS10 FM-B"]
[Site "Budapest"]
[Date "2014.10.06"]
[Round "3"]
[White "Onur, Cem"]
[Black "Szurkos, Andras"]
[Result "1-0"]
[WhiteElo "1690"]
[BlackElo "1707"]
[PlyCount "69"]
[EventDate "2014.10.04"]
[EventType "tourn"]
[EventRounds "9"]
[EventCountry "HUN"]
[SourceTitle "CBM 162 Extra"]
[Source "ChessBase"]
[SourceDate "2014.10.17"]
[SourceVersion "1"]
[SourceVersionDate "2014.10.17"]
[SourceQuality "1"]

1. e4 e5 2. Bc4 Nf6 3. d3 c6 4. Nf3 d5 5. exd5 cxd5 6. Bb3 Nc6 7. 0-0 h6 8. Re1 Bd6 9. Bf4 Bg4 10. Nxe5 Bxd1 11. Nxc6+ Kd7 12. Nxd8 Bxf4 13. Nxf7 Rhf8 14. Rxd1 Rxf7 15. Nc3 Kd6 16. g3 g5 17. gxf4 gxf4 18. h3 Rg7+ 19. Kh2 d4 20. Ne4+ Ke5 21. Nxf6 Kxf6 22. Re1 h5 23. Re6+ Kf5 24. f3 Rg3 25. Rae1 Kg5 26. R1e5+ Kh4 27. Rf6 Rxf3 28. Kg2 Rg3+ 29. Kf2 Rh8 30. Rxf4+ Kxh3 31. Be6+ Rg4 32. Rxh5+ Rxh5 33. Bxg4+ Kh2 34. Bxh5 b5 35. Rh4# 1-0

[Event "Istanbul op-B"]
[Site "Istanbul"]
[Date "2014.09.05"]
[Round "6"]
[White "Onur, Cem"]
[Black "Gulamhuseynli, Elyar"]
[Result "1-0"]
[WhiteElo "1633"]
[BlackElo "1798"]
[PlyCount "99"]
[EventDate "2014.09.01"]
[EventType "swiss"]
[EventRounds "9"]
[EventCountry "TUR"]
[SourceTitle "EXT 2016"]
[Source "ChessBase"]
[SourceDate "2015.10.08"]
[SourceVersion "1"]
[SourceVersionDate "2015.10.08"]
[SourceQuality "1"]

1. e4 e5 2. Bc4 Nf6 3. d3 d5 4. exd5 Nxd5 5. Nf3 Nc6 6. 0-0 Be6 7. Re1 Bd6 8. d4 e4 9. Rxe4 0-0 10. Ng5 Qf6 11. c3 h6 12. Nxe6 fxe6 13. Qe2 Kh8 14. Rxe6 Nf4 15. Bxf4 Qxf4 16. g3 Qg5 17. Nd2 Nd8 18. Re8 Nc6 19. Rxa8 Rxa8 20. Re1 Rf8 21. Ne4 Qf5 22. Nxd6 cxd6 23. Bd3 Qd5 24. Bb1 Qf7 25. f4 g6 26. Qe6 Kg7 27. Qxd6 Re8 28. Rxe8 Qxe8 29. Qc7+ Kf6 30. Kf2 Qe6 31. Qxb7 Ne7 32. Qxa7 Nd5 33. Qb8 Qe3+ 34. Kf1 Qf3+ 35. Ke1 Qh1+ 36. Kd2 Qxh2+ 37. Kc1 Qg1+ 38. Kc2 Ne3+ 39. Kb3 Qd1+ 40. Ka3 Nc4+ 41. Kb4 Nxb2 42. Qd6+ Kf7 43. Qxg6+ Ke7 44. Qc2 Qg1 45. Qxb2 Qxg3 46. Qe2+ Kd8 47. Qe5 Qh2 48. Qd6+ Kc8 49. Bf5+ Kb7 50. Qd7+ 1-0

[Event "Budapest FS07 FM-B"]
[Site "Budapest"]
[Date "2014.07.14"]
[Round "10"]
[White "Onur, Cem"]
[Black "Szabo, Miklos Istvan"]
[Result "1-0"]
[WhiteElo "1549"]
[BlackElo "1322"]
[PlyCount "97"]
[EventDate "2014.07.05"]
[EventType "tourn"]
[EventRounds "11"]
[EventCountry "HUN"]
[SourceTitle "CBM 161 Extra"]
[Source "ChessBase"]
[SourceDate "2014.08.29"]
[SourceVersion "1"]
[SourceVersionDate "2014.08.29"]
[SourceQuality "1"]

1. e4 c6 2. d4 d5 3. exd5 cxd5 4. Bd3 Nc6 5. c3 Nf6 6. Bf4 Bg4 7. Qb3 b6 8. Qa4 Bd7 9. Ba6 Na5 10. Qc2 Bc8 11. Bd3 Nc4 12. Bxc4 dxc4 13. Qa4+ Bd7 14. Qxc4 b5 15. Qb3 a5 16. Nf3 a4 17. Qc2 Bc6 18. Nbd2 Qd5 19. 0-0 g6 20. Rfe1 Qf5 21. Qxf5 gxf5 22. Nh4 Rg8 23. g3 Nd5 24. Bd6 0-0-0 25. Bc5 f4 26. Nhf3 fxg3 27. hxg3 f5 28. Ne5 Ba8 29. c4 Nf4 30. Kh2 Ne6 31. Nf7 Rxd4 32. Bxd4 Nxd4 33. Rac1 Kb8 34. cxb5 f4 35. Rc4 fxg3+ 36. fxg3 Bd5 37. Rxd4 Bxf7 38. Rf1 e5 39. Rd7 Bxa2 40. Rd8+ Kb7 41. Rdxf8 Rg6 42. Re8 Be6 43. Re7+ Kb6 44. Rxh7 Bd5 45. Rf5 Re6 46. Rhh5 Kxb5 47. Rxe5 Rf6 48. Rxd5+ Kc6 49. Rc5+ 1-0

[Event "Budapest FS07 FM-B"]
[Site "Budapest"]
[Date "2014.07.08"]
[Round "4"]
[White "Onur, Cem"]
[Black "Szlenka, Attila"]
[Result "1-0"]
[WhiteElo "1549"]
[BlackElo "1800"]
[PlyCount "119"]
[EventDate "2014.07.05"]
[EventType "tourn"]
[EventRounds "11"]
[EventCountry "HUN"]
[SourceTitle "CBM 161 Extra"]
[Source "ChessBase"]
[SourceDate "2014.08.29"]
[SourceVersion "1"]
[SourceVersionDate "2014.08.29"]
[SourceQuality "1"]

1. e4 c5 2. f4 Nc6 3. Nc3 g6 4. Nf3 Bg7 5. Bc4 d6 6. 0-0 e6 7. d3 Nge7 8. Qe1 0-0 9. f5 d5 10. Bb3 dxe4 11. f6 Bxf6 12. Nxe4 Bg7 13. Nxc5 Qa5 14. Qxa5 Nxa5 15. Ba4 h6 16. c3 b6 17. Ne4 Ba6 18. Rd1 Rad8 19. d4 Be2 20. Re1 Bxf3 21. gxf3 Nf5 22. Kf2 Rc8 23. Ng3 Nxg3 24. hxg3 Rfd8 25. Bb3 Nc4 26. Bxc4 Rxc4 27. Bf4 g5 28. Be3 f5 29. Re2 Kf7 30. Rae1 Rc6 31. Bd2 Rc7 32. Rxe6 Rd5 33. R6e2 Ra5 34. a3 Rd5 35. Rd1 Bf6 36. Be3 h5 37. Rc2 h4 38. gxh4 f4 39. Bc1 Rxd4 40. Rxd4 Bxd4+ 41. Kg2 Be5 42. hxg5 Kg6 43. Re2 Kf5 44. Kf1 Rh7 45. Rg2 Rh1+ 46. Rg1 Rxg1+ 47. Kxg1 Kxg5 48. c4 Kf5 49. Kf2 a5 50. b4 Bc3 51. bxa5 bxa5 52. Ke2 a4 53. Kd3 Be5 54. c5 Bc7 55. Bd2 Ke5 56. Kc4 Bb8 57. Bc3+ Ke6 58. Kb5 Kd5 59. Bb4 Ba7 60. c6 1-0

[Event "Budapest FS07 FM-B"]
[Site "Budapest"]
[Date "2014.07.05"]
[Round "1"]
[White "Onur, Cem"]
[Black "Szurkos, Andras"]
[Result "1-0"]
[WhiteElo "1549"]
[BlackElo "1789"]
[PlyCount "111"]
[EventDate "2014.07.05"]
[EventType "tourn"]
[EventRounds "11"]
[EventCountry "HUN"]
[SourceTitle "CBM 161 Extra"]
[Source "ChessBase"]
[SourceDate "2014.08.29"]
[SourceVersion "1"]
[SourceVersionDate "2014.08.29"]
[SourceQuality "1"]

1. e4 e5 2. Bc4 Nf6 3. d3 Bc5 4. Nf3 d6 5. c3 Nc6 6. 0-0 0-0 7. h3 Na5 8. Bb5 Nc6 9. Re1 Bd7 10. Ba4 a6 11. Bc2 h6 12. d4 exd4 13. cxd4 Bb4 14. Nc3 Re8 15. Qd3 Kf8 16. e5 dxe5 17. dxe5 Ng8 18. a3 Bxc3 19. Qxc3 Nce7 20. Nd4 Qc8 21. e6 Bxe6 22. Nxe6+ fxe6 23. Qf3+ Nf6 24. Bxh6 Neg8 25. Bd2 c5 26. Bc3 Qc6 27. Be4 Qc7 28. Bxb7 Ra7 29. Bc6 Re7 30. Be5 Qc8 31. Bd6 Kf7 32. Bxc5 Rac7 33. Bxe7 Nxe7 34. Ba4 Rc5 35. Bb3 Ned5 36. Rad1 Qc7 37. Bxd5 Rxd5 38. Rxd5 exd5 39. g4 Kg8 40. g5 Ne4 41. Qf5 Qf7 42. Qxf7+ Kxf7 43. Rd1 Ke6 44. h4 g6 45. Kg2 Nd6 46. b4 Nf5 47. Kh3 d4 48. Kg4 Ke5 49. Re1+ Kd5 50. h5 d3 51. hxg6 Ng7 52. Re7 Kd6 53. Re3 Ne6 54. Rxd3+ Kc6 55. f4 Ng7 56. f5 1-0

[Event "Budapest FS12 FM-B"]
[Site "Budapest"]
[Date "2013.12.14"]
[Round "7"]
[White "Onur, Cem"]
[Black "Marcu, Simon"]
[Result "1/2-1/2"]
[WhiteElo "1546"]
[BlackElo "1885"]
[PlyCount "68"]
[EventDate "2013.12.07"]
[EventType "tourn"]
[EventRounds "9"]
[EventCountry "HUN"]
[SourceTitle "CBM 158 Extra"]
[Source "ChessBase"]
[SourceDate "2014.02.28"]
[SourceVersion "1"]
[SourceVersionDate "2014.02.28"]
[SourceQuality "1"]

1. e4 c6 2. d4 d5 3. exd5 cxd5 4. Bd3 Nc6 5. c3 Nf6 6. Bf4 Bg4 7. Qb3 Qd7 8. Nd2 e6 9. Ngf3 Be7 10. Ne5 Nxe5 11. dxe5 0-0 12. exf6 Bxf6 13. 0-0 e5 14. Be3 a6 15. Rfe1 Be7 16. Be2 Be6 17. Qd1 f5 18. Nf3 Qd6 19. Bg5 Bf6 20. Bxf6 gxf6 21. Qa4 f4 22. Rad1 Rad8 23. c4 d4 24. Bd3 Bg4 25. Qc2 f5 26. h3 Bxf3 27. gxf3 Qg6+ 28. Kh2 Qf6 29. Rg1+ Kh8 30. Rg2 Rde8 31. Rdg1 Qe6 32. Re1 Qf6 33. Qb3 Qc6 34. Re2 Rf6 1/2-1/2

[Event "Budapest FS12 FM-B"]
[Site "Budapest"]
[Date "2013.12.11"]
[Round "5"]
[White "Bacsi, Andras"]
[Black "Onur, Cem"]
[Result "1-0"]
[WhiteElo "1831"]
[BlackElo "1546"]
[PlyCount "111"]
[EventDate "2013.12.07"]
[EventType "tourn"]
[EventRounds "9"]
[EventCountry "HUN"]
[SourceTitle "CBM 158 Extra"]
[Source "ChessBase"]
[SourceDate "2014.02.28"]
[SourceVersion "1"]
[SourceVersionDate "2014.02.28"]
[SourceQuality "1"]

1. b3 d5 2. Bb2 c5 3. e3 Nc6 4. Nf3 e6 5. Bb5 Bd7 6. 0-0 Nf6 7. d4 Be7 8. Nbd2 0-0 9. c4 Rc8 10. a3 a6 11. Bxc6 Bxc6 12. Ne5 cxd4 13. Bxd4 dxc4 14. Nxc6 Rxc6 15. Nxc4 b5 16. Ne5 Rc8 17. a4 b4 18. Qe2 a5 19. Rfd1 Qc7 20. Nc4 Bc5 21. Bxf6 gxf6 22. Rd3 Rfd8 23. Rad1 Be7 24. h3 Rxd3 25. Rxd3 Rd8 26. Qd2 Rxd3 27. Qxd3 Qd8 28. Qxd8+ Bxd8 29. e4 e5 30. Kf1 Kg7 31. Ke2 Kg6 32. Kd3 Bc7 33. Ne3 Kg5 34. Nf5 Bb6 35. f3 Kf4 36. Ke2 Kg5 37. Kd3 Kg6 38. Kc4 Bc7 39. Kb5 h5 40. Kc6 Bd8 41. Kd7 Bb6 42. Ke8 Bc5 43. Kd7 Bb6 44. Kc6 Bd8 45. Kb5 Bc7 46. g3 Kg5 47. h4+ Kg6 48. Ne3 Bd8 49. Nc4 Bc7 50. Nxa5 f5 51. Nc6 fxe4 52. fxe4 Kg7 53. a5 f5 54. a6 f4 55. gxf4 exf4 56. a7 1-0